Australasian public libraries and information services

Detalles Bibliográficos
Formato: Desconocido
Lenguaje:inglés
Publicado: Australia : Auslib Press Pty
Materias:
Acceso en línea:Acceso restringido

MARC

LEADER 00000ny a22000003n 4500
005 20110511105211.0
008 091202s at 000 eng d
022 |a 1030-5033 
035 |a 2868  
040 |a UCA  |d vLex 
090 |c 1619  |d 1619 
245 3 0 |a Australasian public libraries and information services  |h [Recurso electrn̤ico] 
246 3 3 |a Aplis 
256 |a Servicio en ln̕ea 
260 |a Australia :  |b Auslib Press Pty  
310 |a Semestral 
506 1 |a Contenido solo disponible en los productos indicados  |d vLex Global  |d vLex Global (Academic Edition, excluding Law Schools)  |d vLex Global (Academic Edition, Law Schools) 
650 0 4 |a Bibliotecas pb︢licas  |z Australasia  |x Publicaciones perid̤icas 
650 0 4 |a Servicios de informacin̤  |z Australasia  |x Publicaciones perid̤icas 
740 0 |a vLex Revista (Servicios en ln̕ea) 
843 |a Electrn̤ica. Abierta 
853 |8 1  |i (year)  |j (month)  |k (day) 
856 4 0 |z Acceso restringido  |u http://vlex.com/account/login_ip?fuente_id=2868  
942 |c REV 
999 0 0 |a Information services  |z Australasia  |v Periodicals. 
999 0 0 |a Public libraries  |z Australasia  |v Periodicals.